Sprostredkované vlastnenie cenných papierov na Slovensku a v zahraničí

Historický vývoj sprostredkovaného vlastnenia cenných papierov v zahraničí a na Slovensku. Viacstupňové sprostredkované vlastnenie cenných papierov. Vlastnenie cenných papierov prostredníctvom centrálneho depozitára. Aktívum nadobúdané investorom. Riziká vyplývajúce z novej legislatívy.

Salvato in:
Dettagli Bibliografici
Autore principale: Baláž, Peter
Natura: Capitolo di libro
Lingua:slovacco
Soggetti:
Tags: Aggiungi Tag
Nessun Tag, puoi essere il primo ad aggiungerne!!

MARC

LEADER 00000naa$a2200000$$$4500
001 0061153
005 20231116083619.1
041 0 |a slo 
044 |a SK 
245 1 0 |a Sprostredkované vlastnenie cenných papierov na Slovensku a v zahraničí  |c Peter Baláž 
520 |a Historický vývoj sprostredkovaného vlastnenia cenných papierov v zahraničí a na Slovensku. Viacstupňové sprostredkované vlastnenie cenných papierov. Vlastnenie cenných papierov prostredníctvom centrálneho depozitára. Aktívum nadobúdané investorom. Riziká vyplývajúce z novej legislatívy. 
610 2 0 |a papiere cenné 
610 2 0 |a vlastníctvo 
610 2 0 |a sprostredkovatelia 
610 2 0 |a Slovensko 
610 2 0 |a depozitá 
610 2 0 |a investície 
610 2 0 |a pohľadávky 
610 2 0 |a právo vlastnícke 
610 2 0 |a spoluvlastníctvo 
610 2 0 |a legislatíva 
100 1 |a Baláž, Peter